| 000 | 00460nam a2200181Ia 4500 | ||
|---|---|---|---|
| 005 | 20250603145230.0 | ||
| 008 | 250603s9999 xx 000 0 und d | ||
| 020 | _a9789789362790 | ||
| 050 | _aHB 99.7 .A37/ | ||
| 100 | _aAkpan, Michael S. | ||
| 245 | 0 | _aKeynes 63 years in memory 1994-2009: his policy relevance in the 21st century | |
| 260 | _aKaduna | ||
| 260 | _bM.O. Press | ||
| 260 | _c2013 | ||
| 300 | _a289 p | ||
| 650 | _aKaduna | ||
| 942 | _cBK | ||
| 999 |
_c41262 _d41262 |
||